000 00279nam a22001337a 4500
008 170831b xxu||||| |||| 00| 0 eng d
020 _a9780073316727
041 _aeng
080 _a070
100 _a40
101 _aMED
245 _aMASS MEDIA
_cCORHAM.J
942 _2udc
_cBK
999 _c25694
_d25694